Las voces de Theresa Hak Kyung Cha : trauma, silencions, balbuceos /
保存先:
| 第一著者: | |
|---|---|
| フォーマット: | 電子媒体 eBook |
| 言語: | スペイン語 |
| 出版事項: |
València :
Publicacions de la Universitat de València,
2021.
|
| 版: | 1a edición. |
| シリーズ: | Biblioteca Javier Coy d'estudis nord-americans.
|
| 主題: | |
| オンライン・アクセス: | Digitalia Hispánica |
| タグ: |
タグ追加
タグなし, このレコードへの初めてのタグを付けませんか!
|
MARC
| LEADER | 00000nam a2200000Ii 4500 | ||
|---|---|---|---|
| 001 | DIGPUVAL0917 | ||
| 003 | NyNyDIG | ||
| 008 | 230504s2021 sp a ob 000 0 spa d | ||
| 006 | m o d | ||
| 007 | cr ||||||||||| | ||
| 035 | |a (OCoLC)1379466134 | ||
| 040 | |a DGITA |b eng |e rda |e pn |c DGITA | ||
| 020 | |a 9788491346777 |q ePub | ||
| 020 | |a 9788491346784 |q pdf | ||
| 020 | |z 9788491346760 |q papel | ||
| 050 | 1 | 4 | |a PS3553.H13 ebook |
| 100 | 1 | |a Pol Colmenares, Ana, |e author. | |
| 245 | 1 | 4 | |a Las voces de Theresa Hak Kyung Cha : |b trauma, silencions, balbuceos / |c Ana Pol Colmenares. |
| 250 | |a 1a edición. | ||
| 264 | 1 | |a València : |b Publicacions de la Universitat de València, |c 2021. | |
| 300 | |a 1 online resource : |b illustrations. | ||
| 336 | |a text |b txt |2 rdacontent | ||
| 337 | |a computer |b c |2 rdamedia | ||
| 338 | |a online resource |b cr |2 rdacarrier | ||
| 347 | |a text file |2 rdaft | ||
| 347 | |b PDF | ||
| 347 | |b EPUB | ||
| 490 | 1 | |a Biblioteca Javier Coy d'estudis nord-americans | |
| 504 | |a Includes bibliographical references. | ||
| 588 | 0 | |a Online resource; title from PDF title page (Digitalia, viewed May 4, 2023) | |
| 600 | 1 | 0 | |a Cha, Theresa Hak Kyung |x Criticism and interpretation. . |
| 776 | 0 | 8 | |i Print version: |a Pol Colmenares, Ana. |t Voces de Theresa Hak Kyung Cha. |b 1a edición. |d València : Publicacions de la Universitat de València, 2021 |z 9788491346760 |
| 791 | 2 | |a Digitalia (Firm), |e distributor. | |
| 793 | 0 | |g Digitalia eBook Collection: |a Universitat de València | |
| 830 | 0 | |a Biblioteca Javier Coy d'estudis nord-americans. | |
| 856 | 4 | 0 | |3 Digitalia Hispánica |u https://digitalia.unach.elogim.com/a/113255/ |
| 910 | |a Premium collection: 2023 | ||